Tesoro de la lengua castellana (Record no. 42334)
[ view plain ]
| 000 -LEADER | |
|---|---|
| campo de control de longitud fija | 00557nam a2200169 i 4500 |
| 001 - NÚMERO DE CONTROL | |
| campo de control | 42334 |
| 003 - IDENTIFICADOR DE NÚMERO DE CONTROL | |
| campo de control | ES-MaACL |
| 005 - FECHA Y HORA DE LA ÚLTIMA TRANSACCIÓN | |
| campo de control | 20231204171252.0 |
| 007 - CAMPO FIJO DE DESCRIPCIÓN FÍSICA--INFORMACIÓN GENERAL | |
| campo de control de longitud fija | t| |
| 008 - DATOS DE LONGITUD FIJA--INFORMACIÓN GENERAL | |
| campo de control de longitud fija | 030313m19081913sp ||||1| spa d |
| 100 1# - ENTRADA PRINCIPAL--NOMBRE DE PERSONA | |
| Nombre de persona | Cejador y Frauca, Julio, |
| Fechas asociadas al nombre | 1864-1927 |
| 9 (RLIN) | 37333 |
| 245 10 - MENCIÓN DEL TÍTULO | |
| Título | Tesoro de la lengua castellana |
| Resto del título | : origen y vida del lenguaje : lo que dicen las palabras / |
| Mención de responsabilidad, etc. | Julio Cejador y Franca. |
| 260 ## - PUBLICACIÓN, DISTRIBUCIÓN, ETC. | |
| Lugar de publicación, distribución, etc. | Palencia : |
| Nombre del editor, distribuidor, etc. | [s.n., |
| Fecha de publicación, distribución, etc. | 1908-1913] ( |
| Fabricante | Gutiérrez) |
| 300 ## - DESCRIPCIÓN FÍSICA | |
| Extensión | 8 v. ; |
| Dimensiones | 22 cm. |
| 852 ## - LOCALIZACIÓN | |
| Ubicación | ES-MaACL |
| Número de control de estantería | F-2254-61 |
| Estatus retirado | Estado de pérdida | Estado de daño | No para préstamo | Biblioteca de origen | Biblioteca actual | Ubicación en estantería | Fecha de adquisición | Fuente de adquisición | Total de préstamos | Signatura topográfica completa | Código de barras | Visto por última vez | Precio de reemplazo | Tipo de ítem Koha |
|---|---|---|---|---|---|---|---|---|---|---|---|---|---|---|
| Biblioteca del Ateneo de Madrid | Biblioteca del Ateneo de Madrid | Depósito 2 | 17/01/2008 | F-2254-61 | 1044550 | 23/02/2023 | 23/02/2023 | Libro impreso |
